Villes des JO (1896-2034) - Statistiques

Statistiques générales
  • Ce quiz a été pris 243 fois
  • Le résultat moyen est 41 sur 64
Statistiques - réponses
Année Pays Ville % Correct
1900 - été France Paris
99%
1924 - été France Paris
99%
2024 - été France Paris
99%
1908 - été Royaume-Uni Londres
98%
1944 (annulés) - été Royaume-Uni Londres
98%
1948 - été Royaume-Uni Londres
98%
2012 - été Royaume-Uni Londres
98%
1896 - été Grèce Athènes
97%
2004 - été Grèce Athènes
97%
1916 (annulés) Allemagne Berlin
95%
1936 - été Allemagne Berlin
95%
1940 (annulés) - été Japon Tokyo
95%
1964 - été Japon Tokyo
95%
2020 - été Japon Tokyo
95%
1932 - été États-Unis Los Angeles
93%
1984 - été États-Unis Los Angeles
93%
2028 - été États-Unis Los Angeles
93%
1960 - été Italie Rome
89%
2000 - été Australie Sydney
89%
2008 - été Chine Pékin
88%
2022 - hiver Chine Pékin
88%
2016 - été Brésil Rio de Janeiro
88%
1992 - été Espagne Barcelone
83%
1988 - été Corée du Sud Séoul
83%
1980 - été Union Soviétique Moscou
81%
1968 - été Mexique Mexico
80%
1928 - été Pays-Bas Amsterdam
77%
1912 - été Suède Stockholm
77%
1972 - été Allemagne de l'Ouest Munich
76%
2026 - hiver Italie Milan
74%
1952 - hiver Norvège Oslo
74%
1952 - été Finlande Helsinki
73%
2006 - hiver Italie Turin
71%
1976 - été Canada Montréal
69%
1996 - été États-Unis Atlanta
67%
2010 - hiver Canada Vancouver
66%
2014 - hiver Russie Sotchi
65%
1920 - été Belgique Anvers
63%
1992 - hiver France Albertville
62%
1956 - été Australie Melbourne
62%
1924 - hiver France Chamonix
60%
1968 - hiver France Grenoble
60%
2002 - hiver États-Unis Salt Lake City
47%
2034 - hiver États-Unis Salt Lake City
47%
2032 - été Australie Brisbane
43%
1984 - hiver Yougoslavie Sarajevo
42%
1904 - été États-Unis St-Louis
37%
1964 - hiver Autriche Innsbruck
35%
1976 - hiver Autriche Innsbruck
35%
1988 - hiver Canada Calgary
32%
1998 - hiver Japon Nagano
30%
2030 - hiver France (pas une ville) Alpes françaises
28%
1994 - hiver Norvège Lillehammer
28%
1940 (annulés) - hiver Japon Sapporo
28%
1972 - hiver Japon Sapporo
28%
1928 - hiver Suisse Saint-Moritz
26%
1948 - hiver Suisse Saint-Moritz
26%
2018 - hiver Corée du Sud PyeongChang
23%
1932 - hiver États-Unis Lake Placid
19%
1980 - hiver États-Unis Lake Placid
19%
1944 (annulés) - hiver Italie Cortina d'Ampezzo
18%
1956 - hiver Italie Cortina d'Ampezzo
18%
1936 - hiver Allemagne Garmisch-Partenkirchen
17%
1960 - hiver États-Unis Squaw Valley
11%
Aucun quiz correspondant
Distribution des résultats
% des personnes avec chaque résultat
Percentile par nombre de réponses
Votre historique - résultats
Vous n’avez pas pris ce quiz